| 000 | 00613nam a22002177a 4500 | ||
|---|---|---|---|
| 001 | BD-DhSAU 246 | ||
| 003 | BD-DhSAU | ||
| 005 | 20141214200226.0 | ||
| 008 | 140825b ii a|||| |||| 001 0 eng d | ||
| 020 | _a8170330734 | ||
| 040 | _cBD-DhSAU | ||
| 082 |
_222 _a631.541/ SHG |
||
| 100 | _aSharma, T C | ||
| 245 |
_aGreen revolution gaps : _bT C Sharma and O Coutinho _cA geografhical analysis/ |
||
| 260 |
_aIndia: _bRawat Publication; _c1989. |
||
| 300 |
_aviii, 218 p. : _bill. ; _c23 cm. |
||
| 504 | _aIncludes index. | ||
| 590 | _aMd. Sirajul Islam. | ||
| 650 | _aGreen revolution | ||
| 700 | _aCoutinho, O | ||
| 942 |
_2ddc _cBOOK |
||
| 999 |
_c246 _d246 |
||